000 00564nam a22001937a 4500
999 _c36459
_d36459
003 OSt
005 20240826115155.0
008 240826b ||||| |||| 00| 0 spa d
020 _a978-987-4459-34-3
040 _cBiblioteca Ernesto Sábato
092 _aD345.282 73
_bS211c
_eBDGR
100 _aSánchez Freytes, Fernando
245 _aCódigo procesal penal de la provincia de Río Negro
_b: anotado y comentado
250 _a1a. ed.
_bActualizada y ampliada
300 _a794 p
650 _aDERECHO PROCESAL PENAL
650 _aCODIGO
942 _2ddc
_cBDGR